=LDR 00000nam 2200000 4500 =001 INLIS000000000055875 =005 20200803100808 =035 ##$$a 0010-0820000016 =007 ta =008 200803###########################0#eng## =082 ##$$a 641.509 45 =084 ##$$a 641.509 45 Roo t =245 1#$$a The Cooking of Italy /$c Root Waverley =300 ##$$a 208 halaman : $b Ilustrasi ; $c 24 Cm. =500 ##$$a Indeks : halaman 200 - 206 =650 #4$$a Masakan Itali =264 ##$$a Nederland :$b Time-Life International,$c 1969 =336 ##$$a teks$2 rdacontent =337 ##$$a lain-lain$2 rdamedia =338 ##$$a lain-lain$2 rdacarrier =990 ##$$a 03760376